Champions League Finalists - Sudden Death - Statistics

General Stats
  • This quiz has been taken 108 times
  • The average score is 24 of 42
Answers on the Grid
Answers color-coded by a green-red scale on the quiz's grid according to % correct below.
Aberdeen
AC Milan
AEK Athens
AIK
Ajax
Anderlecht
Arsenal
AS Monaco
Aston Villa
Athletic Bilbao
Atlético Madrid
Barcelona
Bayer Leverkusen
Bayern Munich
Benfica
Besiktas
Borussia Dortmund
Borussia Mönchengladbach
Braga
Celtic
Chelsea
Club Brugge
CSKA Moscow
Derby County
Dinamo Zagreb
Dundalk
Dynamo Kyiv
Eintracht Frankfurt
Everton
FC Nürnberg
Feyenoord
Fiorentina
Flora Tallinn
Galatasaray
Hamburger SV
Inter Milan
Juventus
Lazio
Leeds United
Legia Warsaw
Liverpool
Ludogorets Razgrad
Malmö
Manchester City
Manchester United
Nantes
Nottingham Forest
Olympiacos
Olympique Marseille
Olympique Lyon
Panathinaikos
Paris Saint Germain
Parma
Partizan
Porto
PSV
Rapid Vienna
RB Salzburg
Real Madrid
Real Sociedad
Red Star Belgrade
Roma
Saint-Etienne
Sampdoria
Sevilla
Shakhtar Donetsk
Stade de Reims
Steaua Bucharest
Stuttgart
Tottenham Hotspur
Valencia
Zenit Saint Petersburg
 
Answer Stats
Answer % Correct
AC Milan
95%
Bayern Munich
89%
Ajax
88%
Borussia Dortmund
88%
Atlético Madrid
86%
Barcelona
84%
Chelsea
84%
Arsenal
78%
Benfica
77%
Inter Milan
75%
Juventus
73%
Liverpool
73%
Celtic
72%
Manchester United
72%
Aston Villa
70%
Manchester City
70%
Paris Saint Germain
66%
Real Madrid
64%
Nottingham Forest
63%
Olympique Marseille
63%
Porto
63%
AS Monaco
61%
Bayer Leverkusen
61%
Tottenham Hotspur
61%
Hamburger SV
59%
Feyenoord
58%
Red Star Belgrade
55%
PSV
53%
Steaua Bucharest
47%
Valencia
45%
Borussia Mönchengladbach
34%
Malmö
34%
Sampdoria
33%
Roma
31%
Stade de Reims
31%
Leeds United
30%
Eintracht Frankfurt
28%
Fiorentina
27%
Partizan
25%
Club Brugge
22%
Saint-Etienne
20%
Panathinaikos
17%
No matching quizzes found
Score Distribution
Percent of People with Each Score
Percentile by Number Answered
Your Score History
You have not taken this quiz